000 00995nam a2200301Ia 4500
003 OSt
005 20220912150119.0
006 a|||||r|||| 00| 0
007 ta
008 220909b |||||||| |||| 00| 0 eng d
020 _a8181280245 (pbk)
024 _a12414
037 _b170, 19/09/2004, Ashutosh Technical Books
037 _cTextbook
040 _aCSL
_beng
_cCSL
041 _aeng
082 _aD65,8(B):4, P3 TD
100 _aDandamudi Sivarama P
245 0 _aFundamentals of computer organisation & design
260 _aNew York
_b Springer-Verlag
_c2002
300 _axxviii,1060p.
_ccm.
490 _aTexts in Computer Science
500 _aAppendix I A-I, 863-1032p.
_ccm.; Bibliography 1033-1035p.
_ccm.; Index 1037-1060p.
_ccm.
650 _a Computer organization
650 _aComputer Science
942 _hD65,8(B):4, P3 TD
_cTB
_2CC
999 _c39851
_d39851